00289nam a2200097Ia 4500008004100000041000800041100001700049245004200066250001200108260007100120231129s2015 xx 000 0 und d aeng aBrandon eley aThe Art & Science of online marketing a2015 Ed aShroff Publishers Ltd. MumbaibShroff Publishers Ltd. Mumbaic2015